| 000 | 00816cam a22003017a 4500 | ||
|---|---|---|---|
| 999 |
_c80 _d80 |
||
| 001 | 13390681 | ||
| 003 | OSt | ||
| 005 | 20190918123125.0 | ||
| 008 | 031031s2003 stka 001 0 eng d | ||
| 010 | _a 2003279752 | ||
| 015 | _aGBA3-51252 | ||
| 020 | _a 978-0723432111 | ||
| 020 | _a0723432945 | ||
| 035 | _a(DLC)13390681 | ||
| 040 |
_aUKM _cUKM _dCOU _dOCLCQ _dEYM _dDLC |
||
| 042 | _alccopycat | ||
| 082 | 0 | 4 | _aQS4 W434i 2003 |
| 100 | 1 |
_aWeir, Jamie; Abrahams, Peter H. _9232 |
|
| 245 | 1 | 0 | _aImaging Atlas of Human Anatomy |
| 250 | _a3rd ed. | ||
| 260 |
_aEdinburgh : _bMosby, _c2003. |
||
| 300 |
_axiii, 226 p. : _bill. ; _c31 cm. |
||
| 500 | _a. | ||
| 504 | _aIncludes index | ||
| 650 | 0 |
_aHuman anatomy atlas _vAtlases. _9151 |
|
| 906 |
_a7 _bcbc _ccopycat _d3 _encip _f20 _gy-gencatlg |
||
| 942 |
_2z _cO_SHELF |
||